Textbook of Midwifery and Gynecological Nursing 6th Semester (Record no. 355974)
[ view plain ]
| 000 -LEADER | |
|---|---|
| fixed length control field | 00476nam a22001697a 4500 |
| 005 - DATE AND TIME OF LATEST TRANSACTION | |
| control field | 20241203163202.0 |
| 008 - FIXED-LENGTH DATA ELEMENTS--GENERAL INFORMATION | |
| fixed length control field | 230829b |||||||| |||| 00| 0 eng d |
| 020 ## - INTERNATIONAL STANDARD BOOK NUMBER | |
| International Standard Book Number | 978-93-81390-29-0 |
| 041 ## - LANGUAGE CODE | |
| Language code of text/sound track or separate title | Eng |
| 082 ## - DEWEY DECIMAL CLASSIFICATION NUMBER | |
| Classification number | OG 610.7367 NEE DB1155 |
| 100 ## - MAIN ENTRY--PERSONAL NAME | |
| Author | Neelam Kumari |
| 245 ## - TITLE STATEMENT | |
| Title | Textbook of Midwifery and Gynecological Nursing 6th Semester |
| 260 ## - PUBLICATION, DISTRIBUTION, ETC. | |
| Name of publisher, distributor, etc. | S.Vikas and Company (Medical Publisher) |
| Date of publication, distribution, etc. | 2024 |
| Place of publication, distribution, etc. | Jalandhar |
| 300 ## - PHYSICAL DESCRIPTION | |
| Extent | 826p |
| 365 ## - TRADE PRICE | |
| Price amount | 1599.00 |
| 942 ## - ADDED ENTRY ELEMENTS (KOHA) | |
| Koha item type | Donated Book |
| Withdrawn status | Lost status | Source of classification or shelving scheme | Damaged status | Not for loan | Home library | Current library | Date acquired | Net Price | Bill number | Total Checkouts | Total Renewals | Full call number | Barcode | Date last seen | Date last checked out | Bill Date | Koha item type | Original Barcode | Vendor | Actual Price |
|---|---|---|---|---|---|---|---|---|---|---|---|---|---|---|---|---|---|---|---|---|
| Dewey Decimal Classification | Sitabai Nargundkar College of Nursing Nagpur | Sitabai Nargundkar College of Nursing Nagpur | 29/11/2024 | 599.00 | IK#2024-25#00264 | 3 | 1 | OG 610.7367 NEE DB1155 | SNCN-DB-250 | 19/12/2025 | 05/12/2025 | 07/12/2024 | Donated Book | MS.Karishma Dhok | 599.00 | |||||
| Dewey Decimal Classification | Smt. Bakul Tambat Institute of Nursing Education | Smt. Bakul Tambat Institute of Nursing Education | 29/08/2023 | 1599.00 | 65 | 19 | 11 | OG 610.7367 NEE DB1155 | BTIN-DB-1155 | 15/12/2025 | 08/12/2025 | 29/08/2023 | Donated Book | DB1155 | ||||||
| Dewey Decimal Classification | Smt. Bakul Tambat Institute of Nursing Education | Smt. Bakul Tambat Institute of Nursing Education | 19/10/2023 | 1599.00 | 67 | 19 | 13 | OG 610.7367 NEE DB1211 | BTIN-DB-1211 | 18/11/2025 | 28/10/2025 | 20/10/2023 | Donated Book | DB1211 | ||||||
| Dewey Decimal Classification | Smt. Bakul Tambat Institute of Nursing Education | Smt. Bakul Tambat Institute of Nursing Education | 19/10/2023 | 1599.00 | 67 | 19 | 6 | OG 610.7367 NEE DB1212 | BTIN-DB-1212 | 15/12/2025 | 24/11/2025 | 20/10/2023 | Donated Book | DB1212 |